[Event "41st Olympiad Women 2014"]
[Site "Tromso NOR"]
[Date "2014.08.04"]
[Round "3.13"]
[Board "2"]
[White "Muzychuk, Mariya"]
[Black "Alexandrova, Olga"]
[Result "1/2-1/2"]
[WhiteTitle "IM"]
[BlackTitle "IM"]
[WhiteElo "2530"]
[BlackElo "2424"]
[WhiteTeam "Ukraine"]
[BlackTeam "Spain"]
[WhiteFideId "14114550"]
[BlackFideId "14102463"]
[EventDate "2014.08.02"]

1. e4 e6 2. d4 d5 3. Nc3 Nf6 4. Bg5 dxe4 5. Nxe4 Nbd7 6. Nf3 h6 7. Nxf6+ Nxf6 8.
Bh4 c5 9. c3 cxd4 10. Nxd4 Be7 11. Bb5+ Nd7 12. Bg3 O-O 13. Qe2 a6 14. Ba4 Nc5
15. Bc2 Bd7 16. O-O-O Qa5 17. Kb1 Ba4 18. b4 Bxc2+ 19. Qxc2 Qb6 20. Ka1 Nd7 21.
Nxe6 Qxe6 22. Rhe1 Qf6 23. Rxd7 Bxb4 24. Be5 Qe6 25. Rxb7 Bc5 26. f3 Rac8 27.
Rbb1 Qd7 28. Rbd1 Qb5 29. Re4 Rfe8 30. Rde1 Bb4 31. a4 Qc5 32. R1e3 Rxe5 33.
Rxe5 Bxc3+ 34. Qxc3 Qxc3+ 35. Rxc3 Rxc3 36. Kb2 Rd3 37. Rc5 Kf8 38. Rc3 Rd2+ 39.
Rc2 Rd3 40. Rc3 Rd2+ 41. Rc2 Rd3 1/2-1/2

[Event "41st Olympiad Women 2014"]
[Site "Tromso NOR"]
[Date "2014.08.04"]
[Round "3.13"]
[Board "3"]
[White "Matnadze, Ana"]
[Black "Zhukova, Natalia"]
[Result "1/2-1/2"]
[WhiteTitle "IM"]
[BlackTitle "GM"]
[WhiteElo "2385"]
[BlackElo "2468"]
[WhiteTeam "Spain"]
[BlackTeam "Ukraine"]
[WhiteFideId "13601377"]
[BlackFideId "14101513"]
[EventDate "2014.08.02"]

1. d4 e6 2. Nf3 d5 3. g3 c5 4. Bg2 cxd4 5. Nxd4 Nf6 6. c4 e5 7. Nb3 Bb4+ 8. N3d2
Nc6 9. cxd5 Nxd5 10. O-O O-O 11. Ne4 Be7 12. Nbc3 Nb6 13. f4 f5 14. Nf2 e4 15.
g4 g6 16. Qb3+ Kg7 17. Be3 Nd4 18. Bxd4+ Qxd4 19. Nb5 Qd5 20. gxf5 Qxb3 21. f6+
Rxf6 22. axb3 Bd7 23. Nc3 Rxf4 24. e3 Rff8 25. Bxe4 Bc5 26. Rfe1 Bc6 27. Bxc6
bxc6 28. Nd3 Be7 29. Rf1 Nd7 30. Kg2 Nc5 31. Ne5 Nxb3 32. Rxf8 Bxf8 33. Rd1 Re8
34. Nxc6 Rxe3 35. Rd7+ Kh6 36. Rxa7 Bg7 37. Ne7 Bxc3 38. bxc3 Rxc3 39. Ng8+ Kg5
40. Rxh7 Nd4 41. h4+ Kf4 42. Rf7+ Nf5 43. Ne7 Rc2+ 44. Kh3 Rc3+ 45. Kg2 Kg4 46.
Nxg6 Nxh4+ 1/2-1/2

[Event "41st Olympiad Women 2014"]
[Site "Tromso NOR"]
[Date "2014.08.04"]
[Round "3.13"]
[Board "4"]
[White "Gaponenko, Inna"]
[Black "Aranaz Murillo, Amalia"]
[Result "0-1"]
[WhiteTitle "IM"]
[BlackTitle "WIM"]
[WhiteElo "2379"]
[BlackElo "2314"]
[WhiteTeam "Ukraine"]
[BlackTeam "Spain"]
[WhiteFideId "14101181"]
[BlackFideId "22200371"]
[EventDate "2014.08.02"]

1. e4 c6 2. d4 d5 3. Nc3 dxe4 4. Nxe4 Bf5 5. Ng3 Bg6 6. N1e2 e6 7. h4 h6 8. Nf4
Bh7 9. c3 Nf6 10. Bd3 Bxd3 11. Qxd3 Nbd7 12. O-O Be7 13. Re1 O-O 14. Qf3 Re8 15.
Nd3 Qb6 16. Ne5 c5 17. Bxh6 gxh6 18. Qf4 Qxb2 19. Rac1 cxd4 20. cxd4 Rac8 21.
Rb1 Qc2 22. Rxb7 Nxe5 23. dxe5 Nd5 24. Qxh6 Qh7 25. Qd2 Rc2 26. Qd1 Rc4 27. h5
a5 28. Qf3 Rf4 29. Qe2 Rh4 30. Qb5 Rc8 31. Rd1 Qc2 32. Rxd5 exd5 33. Rxe7 Qd1+
34. Nf1 Qxh5 35. Re8+ Kg7 36. f3 Rh1+ 37. Kf2 Qh4+ 38. Ke2 Rxe8 0-1

[Event "41st Olympiad Women 2014"]
[Site "Tromso NOR"]
[Date "2014.08.04"]
[Round "3.14"]
[Board "2"]
[White "Exler, Veronika"]
[Black "Stockova, Zuzana"]
[Result "0-1"]
[WhiteTitle "WFM"]
[BlackTitle "IM"]
[WhiteElo "2189"]
[BlackElo "2383"]
[WhiteTeam "Austria"]
[BlackTeam "Slovakia"]
[WhiteFideId "1620550"]
[BlackFideId "14900866"]
[EventDate "2014.08.02"]

1. d4 Nf6 2. c4 g6 3. Nf3 Bg7 4. g3 O-O 5. Bg2 d6 6. O-O Nbd7 7. Nc3 e5 8. e4 c6
9. h3 Qb6 10. d5 cxd5 11. cxd5 Nc5 12. Re1 Bd7 13. Rb1 a5 14. Be3 Rfc8 15. Nd2
Qd8 16. Bf1 Ne8 17. Kh2 f5 18. f3 f4 19. gxf4 Qh4 20. fxe5 Bxe5+ 21. f4 Bxf4+
22. Bxf4 Qxf4+ 23. Kh1 Ng7 24. Bg2 Nd3 25. Rf1 Nf2+ 26. Kg1 Nxh3+ 27. Bxh3 Qe3+
28. Rf2 Bxh3 29. Qf3 Qg5+ 30. Kh2 Rf8 31. Qg3 Rxf2+ 32. Qxf2 Rf8 33. Qg3 Qxd2+
34. Kxh3 Nh5 0-1

[Event "41st Olympiad Women 2014"]
[Site "Tromso NOR"]
[Date "2014.08.04"]
[Round "3.14"]
[Board "3"]
[White "Kochetkova, Julia"]
[Black "Newrkla, Katharina"]
[Result "1-0"]
[WhiteTitle "WGM"]
[BlackTitle "WFM"]
[WhiteElo "2338"]
[BlackElo "2135"]
[WhiteTeam "Slovakia"]
[BlackTeam "Austria"]
[WhiteFideId "4139690"]
[BlackFideId "1621629"]
[EventDate "2014.08.02"]

1. e4 c5 2. Nf3 d6 3. Bb5+ Bd7 4. Bxd7+ Qxd7 5. O-O Nc6 6. c3 Nf6 7. Re1 e6 8.
d4 cxd4 9. cxd4 d5 10. e5 Ne4 11. Nbd2 Nxd2 12. Bxd2 Be7 13. Rc1 O-O 14. Rc3
Rfc8 15. a3 Rc7 16. Rd3 Rac8 17. h4 Bf8 18. Nh2 Ne7 19. h5 h6 20. Ng4 Kh8 21.
Qf3 Nf5 22. Ne3 Nxe3 23. Rdxe3 Rc4 24. Rd3 b5 25. Qg4 Kh7 26. Ree3 Rc2 27. Bc3
Rc1+ 28. Kh2 Qd8 29. Rf3 Qe8 30. Rg3 Rc2 31. Rdf3 Rc7 32. Rf6 Rb7 33. Qf4 Qd8
34. Qf3 a5 35. Qd3+ Kh8 36. Qxc2 gxf6 37. Bxa5 Qe8 38. Rc3 Rb8 39. Rc7 fxe5 40.
dxe5 Be7 41. Bd2 Qf8 42. Qc1 Kh7 43. Bf4 b4 44. Qc2+ Kh8 45. Qd2 Kh7 46. Qd3+
Kh8 47. Qe3 bxa3 48. bxa3 Kh7 49. a4 Rb4 50. a5 Re4 51. Qd3 Kh8 52. Bg3 Bb4 53.
Qf3 Kg8 54. a6 Ba5 55. Rxf7 Qxf7 56. Qxf7+ Kxf7 57. a7 Bc3 58. a8=Q Bxe5 59.
Qb7+ Kg8 60. Bxe5 1-0

[Event "41st Olympiad Women 2014"]
[Site "Tromso NOR"]
[Date "2014.08.04"]
[Round "3.14"]
[Board "4"]
[White "Novkovic, Julia"]
[Black "Gazikova, Veronika"]
[Result "0-1"]
[WhiteTitle "WFM"]
[BlackTitle "WFM"]
[WhiteElo "2131"]
[BlackElo "2034"]
[WhiteTeam "Austria"]
[BlackTeam "Slovakia"]
[WhiteFideId "12000086"]
[BlackFideId "14919311"]
[EventDate "2014.08.02"]

1. e4 e6 2. d4 d5 3. Nd2 Nf6 4. e5 Nfd7 5. c3 c5 6. Bd3 Nc6 7. Ne2 cxd4 8. cxd4
f6 9. exf6 Nxf6 10. O-O Bd6 11. Nf3 Qc7 12. Bd2 O-O 13. Rc1 Bd7 14. Ng3 Rae8 15.
Bc3 Re7 16. Re1 a6 17. Ne5 Be8 18. Bb1 b5 19. Nxc6 Bxc6 20. Ba5 Qd7 21. Bb6 b4
22. Bc5 Bb5 23. Bd3 Rb8 24. Bxd6 Qxd6 25. Rc2 Ree8 26. Bxb5 Rxb5 27. Qd3 Qb8 28.
Rce2 Rb6 29. Re5 Rc6 30. h3 Nd7 31. R5e3 Nf8 32. Nf5 Qc7 33. Rg3 Ng6 34. Qd2 Rc2
35. Qg5 Qf7 36. Rge3 Rf8 37. Rf3 exf5 38. h4 Qf6 39. Qe3 Nxh4 40. Rh3 Ng6 41.
Qb3 Rc4 42. Rhe3 Qxd4 43. Qa4 Qb6 44. Qd7 Qc6 45. Qa7 Ra8 0-1

[Event "41st Olympiad Women 2014"]
[Site "Tromso NOR"]
[Date "2014.08.04"]
[Round "3.15"]
[Board "1"]
[White "Socko, Monika"]
[Black "Camacho, Chardine Cheradee"]
[Result "1/2-1/2"]
[WhiteTitle "GM"]
[BlackTitle "WIM"]
[WhiteElo "2470"]
[BlackElo "2214"]
[WhiteTeam "Poland"]
[BlackTeam "Philippines"]
[WhiteFideId "1106619"]
[BlackFideId "5201829"]
[EventDate "2014.08.02"]

1. e4 e6 2. d4 d5 3. Nd2 Nf6 4. e5 Nfd7 5. Bd3 c5 6. c3 Nc6 7. Ne2 cxd4 8. cxd4
f6 9. Nf4 Nxd4 10. Qh5+ Ke7 11. exf6+ Nxf6 12. Ng6+ hxg6 13. Qxh8 Kf7 14. O-O e5
15. Nb3 Nf5 16. Bg5 Qd6 17. Rac1 b6 18. Rfd1 Be6 19. Bxf5 Bxf5 20. Qh4 Ne4 21.
Nd2 Nxg5 22. Qxg5 Re8 23. Nc4 Qe6 24. Ne3 d4 25. Nxf5 gxf5 26. Rc7+ Re7 27. Rdc1
Kg8 28. h4 Rf7 29. Rxf7 Qxf7 30. Rc8 d3 31. Qd8 e4 32. g3 f4 33. Rc7 Qh5 34.
gxf4 Qg4+ 35. Kh1 Qh3+ 36. Kg1 Qg4+ 37. Kh1 1/2-1/2

[Event "41st Olympiad Women 2014"]
[Site "Tromso NOR"]
[Date "2014.08.04"]
[Round "3.15"]
[Board "2"]
[White "Frayna, Janelle Mae"]
[Black "Zawadzka, Jolanta"]
[Result "1/2-1/2"]
[WhiteTitle "WFM"]
[BlackTitle "WGM"]
[WhiteElo "2205"]
[BlackElo "2398"]
[WhiteTeam "Philippines"]
[BlackTeam "Poland"]
[WhiteFideId "5212499"]
[BlackFideId "1122320"]
[EventDate "2014.08.02"]

1. Nf3 d5 2. c4 d4 3. b4 f6 4. e3 e5 5. c5 Be6 6. exd4 e4 7. Qe2 Qd5 8. Nc3 exf3
9. gxf3 Qxd4 10. Qxe6+ Ne7 11. Bb5+ c6 12. Bc4 Nd7 13. Qe4 Ne5 14. Be2 O-O-O 15.
Qxd4 Rxd4 16. a3 N7g6 17. Ne4 Nf4 18. Rb1 f5 19. Ng3 g6 20. Bb2 Ned3+ 21. Bxd3
Nxd3+ 22. Kf1 Nxb2 23. Rxb2 Bg7 24. Kg2 Rhd8 25. Rd1 h5 26. Ne2 Rd3 27. Ra2 Bh6
28. f4 Re8 29. Re1 Rd7 30. Kf1 Re4 31. f3 Rc4 32. d4 Bg7 33. Rd1 a5 34. Rb2 Rd5
35. bxa5 Rcxc5 36. Rdb1 Rxa5 37. Rxb7 Bxd4 38. Nxd4 Rxd4 39. Rg7 Rxa3 40. Rxg6
Rxf3+ 41. Ke2 Rc3 42. Rg7 Rc2+ 43. Ke3 Rcd2 44. Rb3 Rd7 45. Rg6 R7d6 46. Rxd6
Rxd6 47. Ra3 Kb7 48. Ke2 c5 49. Rh3 Rh6 50. Kd3 Kc6 51. Kc4 Re6 52. Rxh5 Re4+
53. Kc3 Rxf4 54. Rh8 Kd5 55. h4 Rf3+ 56. Kd2 Rh3 57. h5 f4 58. h6 Rh2+ 59. Kc3
Rh3+ 60. Kd2 Ke4 61. h7 Kf3 62. Kc3 Kf2+ 63. Kc4 Rh5 64. Rf8 Rxh7 65. Rxf4+ Ke3
66. Rf5 1/2-1/2

[Event "41st Olympiad Women 2014"]
[Site "Tromso NOR"]
[Date "2014.08.04"]
[Round "3.15"]
[Board "3"]
[White "Szczepkowska-Horowska, Karina"]
[Black "Fronda, Jan Jodilyn"]
[Result "0-1"]
[WhiteTitle "WGM"]
[WhiteElo "2380"]
[BlackElo "2098"]
[WhiteTeam "Poland"]
[BlackTeam "Philippines"]
[WhiteFideId "1122681"]
[BlackFideId "5204585"]
[EventDate "2014.08.02"]

1. e4 c5 2. Nf3 g6 3. d4 cxd4 4. Qxd4 Nf6 5. Nc3 Bg7 6. e5 Nc6 7. Qa4 Ng8 8. Bf4
f6 9. exf6 Nxf6 10. Rd1 e5 11. Bg5 O-O 12. Bc4+ Kh8 13. O-O h6 14. Bh4 g5 15.
Bg3 Nh5 16. Bd3 d5 17. Bb5 Nxg3 18. hxg3 d4 19. Rfe1 Bg4 20. Be2 Bd7 21. Ne4 Qe7
22. a3 a6 23. Qb3 b5 24. Qd3 Bf5 25. Nfd2 Na5 26. g4 Bh7 27. Qh3 Rac8 28. Bd3
Nc4 29. b3 Nxd2 30. Rxd2 Bxe4 31. Bxe4 Rc3 32. Qh5 Qf7 33. Bg6 Qf6 34. Bf5 a5
35. Rde2 Qf7 36. Qh2 Rc6 37. Bd3 Rf6 38. g3 Rb6 39. Qh1 Qb7 40. Be4 Qe7 41. Ra1
Qd7 42. f3 Rbf6 43. Kg2 Qf7 44. Bf5 Rxf5 45. gxf5 Qxf5 46. Qf1 g4 47. fxg4 Qxg4
48. Rf2 Rc8 49. Qe2 Qg6 50. Rd1 e4 51. Qxb5 e3 52. Re2 Rxc2 53. Re1 Qe4+ 54. Kh2
Rc8 55. Rg2 d3 56. b4 axb4 57. axb4 Re8 58. Qd7 e2 59. Rf2 Re5 60. g4 Re7 61.
Qd8+ Kh7 62. Rg2 Qf4+ 63. Kg1 Qd4+ 0-1

[Event "41st Olympiad Women 2014"]
[Site "Tromso NOR"]
[Date "2014.08.04"]
[Round "3.15"]
[Board "4"]
[White "Perena, Catherine"]
[Black "Bartel, Marta"]
[Result "0-1"]
[WhiteTitle "WIM"]
[BlackTitle "WGM"]
[WhiteElo "2165"]
[BlackElo "2359"]
[WhiteTeam "Philippines"]
[BlackTeam "Poland"]
[WhiteFideId "5202744"]
[BlackFideId "1123009"]
[EventDate "2014.08.02"]

1. d4 f5 2. g3 Nf6 3. Bg2 g6 4. Nf3 Bg7 5. O-O O-O 6. Nc3 Ne4 7. Qd3 d5 8. Bf4
c6 9. h4 Nd7 10. Ng5 Ndf6 11. Ncxe4 fxe4 12. Qb3 Kh8 13. Be5 h6 14. Nh3 Nh5 15.
Nf4 Nxf4 16. Bxf4 Kh7 17. Rad1 b6 18. Qa4 Bd7 19. c4 Qe8 20. Qb4 Be6 21. cxd5
Bxd5 22. Be5 Qd7 23. Qc3 Qe6 24. a3 Rf7 25. f4 exf3 26. Bxf3 Bxe5 27. dxe5 Raf8
28. Rd3 Qh3 29. Qe1 Qe6 30. Re3 Kg7 31. Kh2 g5 32. Qb4 c5 33. Qc3 g4 34. Bxd5
Rxf1 35. Bg2 R1f2 36. Re4 h5 37. Qe3 Qf5 38. Qg5+ Qxg5 39. hxg5 e6 40. Kg1 R2f5
41. Ra4 a5 42. b4 cxb4 43. axb4 Rxe5 44. bxa5 bxa5 45. Be4 Rxg5 46. Rc4 Re5 47.
Kg2 Rf7 48. Bd3 Ra7 49. Ra4 Kf6 50. Rf4+ Ke7 51. Ra4 Rb7 52. Rc4 Kd6 53. Kf2 Ra7
54. Ra4 Kc5 55. Ke1 Kb6 56. Kd2 Rf7 57. Rd4 Rf1 58. Rd6+ Kc7 59. Ra6 Rg1 60. Bc4
Rxg3 61. Bxe6 h4 62. Bc4 h3 63. Rh6 a4 64. Rh8 a3 65. Rh6 Rg2 66. Kc3 h2 67. Kd4
Rgxe2 68. Bd5 0-1

[Event "41st Olympiad Women 2014"]
[Site "Tromso NOR"]
[Date "2014.08.04"]
[Round "3.17"]
[Board "1"]
[White "Rodriguez Rueda, Paula Andrea"]
[Black "Rogule, Laura"]
[Result "1-0"]
[WhiteTitle "WIM"]
[BlackTitle "WGM"]
[WhiteElo "2368"]
[BlackElo "2347"]
[WhiteTeam "Colombia"]
[BlackTeam "Latvia"]
[WhiteFideId "4404564"]
[BlackFideId "11601876"]
[EventDate "2014.08.02"]

1. d4 d5 2. c4 e6 3. Nf3 Nf6 4. Nc3 Nbd7 5. e3 a6 6. Qc2 dxc4 7. Bxc4 b5 8. Be2
Bb7 9. O-O c5 10. a3 Rc8 11. dxc5 Nxc5 12. Nd4 Be7 13. Rd1 Qb6 14. Bd2 O-O 15.
Rac1 Nce4 16. Bd3 Nxd2 17. Qxd2 Rfd8 18. Qe2 g6 19. Nb3 Nd5 20. Ne4 f5 21. Ned2
Bf6 22. Nf3 Kg7 23. Bb1 Rc7 24. Nfd4 Rxc1 25. Rxc1 e5 26. Nf3 b4 27. a4 Rd6 28.
a5 Qd8 29. Nfd2 Ne7 30. Nc4 Rc6 31. Rd1 Qc7 32. Nb6 Rd6 33. f3 Rxd1+ 34. Qxd1
Bg5 35. Kf2 Nc8 36. Qd7+ Qxd7 37. Nxd7 Bd5 38. Nbc5 Bd8 39. Nxa6 Bxa5 40. Nxe5
Na7 41. Ke2 Kf6 42. Nd7+ Ke7 43. Ndc5 Kd6 44. Kd3 Kc6 45. Kd4 Nb5+ 46. Ke5 Nc7
47. Bd3 Bb6 48. Na4 Ba5 49. e4 fxe4 50. fxe4 Ba2 51. N6c5 Ne8 52. Kd4 Nd6 53. e5
Nf5+ 54. Bxf5 gxf5 55. b3 Bd8 56. Kc4 Bb1 57. Kxb4 f4 58. Kc4 h5 59. Ne6 Be7 60.
Nxf4 Be4 61. Nc3 Bh7 62. b4 Bg8+ 63. e6 Kd6 64. Ncd5 Bd8 65. b5 1-0

[Event "41st Olympiad Women 2014"]
[Site "Tromso NOR"]
[Date "2014.08.04"]
[Round "3.17"]
[Board "2"]
[White "Berzina, Ilze"]
[Black "Franco Valencia, Beatriz Irene"]
[Result "0-1"]
[WhiteTitle "WGM"]
[BlackTitle "WIM"]
[WhiteElo "2247"]
[BlackElo "2210"]
[WhiteTeam "Latvia"]
[BlackTeam "Colombia"]
[WhiteFideId "11601345"]
[BlackFideId "4402618"]
[EventDate "2014.08.02"]

1. e4 c6 2. d4 g6 3. f4 d5 4. e5 Nh6 5. Nf3 Bg4 6. Be2 Qa5+ 7. c3 e6 8. O-O c5
9. Kh1 Nc6 10. dxc5 Qxc5 11. Nbd2 Nf5 12. Nb3 Qb6 13. Ng5 h6 14. Nh7 h5 15. Nf6+
Ke7 16. Bxg4 Ng3+ 0-1

[Event "41st Olympiad Women 2014"]
[Site "Tromso NOR"]
[Date "2014.08.04"]
[Round "3.17"]
[Board "3"]
[White "Franco Valencia, Angela"]
[Black "Skinke, Katrina"]
[Result "1-0"]
[WhiteTitle "WIM"]
[BlackTitle "WIM"]
[WhiteElo "2186"]
[BlackElo "2217"]
[WhiteTeam "Colombia"]
[BlackTeam "Latvia"]
[WhiteFideId "4403070"]
[BlackFideId "11602260"]
[EventDate "2014.08.02"]

1. e4 g6 2. d4 Bg7 3. Nc3 d6 4. g3 Nd7 5. Bg2 c5 6. Nf3 cxd4 7. Nxd4 Ngf6 8. O-O
O-O 9. h3 Ne5 10. Re1 Bd7 11. f4 Qb6 12. fxe5 dxe5 13. Be3 exd4 14. Bxd4 Qd8 15.
e5 Nh5 16. Ne2 Bb5 17. Kh2 Qc7 18. Nc3 Bc6 19. Qe2 Rad8 20. Qe3 Bxg2 21. Kxg2
Qc6+ 22. Kh2 Bh6 23. Qf2 b6 24. Rad1 Ng7 25. Be3 Bxe3 26. Qxe3 Ne6 27. h4 b5 28.
Qxa7 b4 29. Qa4 Qc5 30. Ne4 Qxe5 31. Qxb4 Rxd1 32. Rxd1 Rb8 33. Qc4 Rxb2 34. a4
Qa5 35. Rf1 Kg7 36. Rf2 Rb1 37. c3 Re1 38. Ng5 Nxg5 39. hxg5 Re6 40. Qb5 Qxc3
41. Qe8 f5 42. gxf6+ Kh6 43. f7 1-0

[Event "41st Olympiad Women 2014"]
[Site "Tromso NOR"]
[Date "2014.08.04"]
[Round "3.17"]
[Board "4"]
[White "Erneste, Inguna"]
[Black "Castrillon Gomez, Melissa"]
[Result "0-1"]
[WhiteTitle "WGM"]
[BlackTitle "WIM"]
[WhiteElo "2200"]
[BlackElo "2168"]
[WhiteTeam "Latvia"]
[BlackTeam "Colombia"]
[WhiteFideId "11600241"]
[BlackFideId "4402413"]
[EventDate "2014.08.02"]

1. e4 e5 2. Nf3 Nc6 3. Bb5 f5 4. d3 fxe4 5. dxe4 Nf6 6. Bg5 Bc5 7. Nc3 d6 8. Qd3
O-O 9. Nd5 Kh8 10. Rf1 Be6 11. Nc3 Na5 12. Nd2 c6 13. Ba4 Qb6 14. O-O-O Ng4 15.
f3 Ne3 16. Bxe3 Bxe3 17. Bb3 Nxb3+ 18. axb3 Bd4 19. Ne2 Bc5 20. Nc4 Qc7 21. Nc3
b5 22. Nd2 a5 23. Ncb1 a4 24. bxa4 bxa4 25. Rfe1 Rfb8 26. Nc4 Bxc4 27. Qxc4 a3
28. bxa3 Qa5 29. Qa2 Rxb1+ 30. Kxb1 Rb8+ 0-1

[Event "41st Olympiad Women 2014"]
[Site "Tromso NOR"]
[Date "2014.08.04"]
[Round "3.18"]
[Board "1"]
[White "Kurbonboeva, Sarvinoz"]
[Black "Bojkovic, Natasa"]
[Result "1/2-1/2"]
[WhiteTitle "WFM"]
[BlackTitle "IM"]
[WhiteElo "2228"]
[BlackElo "2425"]
[WhiteTeam "Uzbekistan"]
[BlackTeam "Serbia"]
[WhiteFideId "14201780"]
[BlackFideId "908550"]
[EventDate "2014.08.02"]

1. d4 Nf6 2. c4 e6 3. Nf3 b6 4. g3 Bb4+ 5. Bd2 Be7 6. Bg2 c6 7. O-O d5 8. cxd5
cxd5 9. Ne5 O-O 10. Nc3 Bb7 11. Rc1 Nfd7 12. f4 Nxe5 13. fxe5 Nc6 14. Be3 Rc8
15. h4 Na5 16. b3 Ba6 17. Rf4 Bb4 18. Bd2 Ba3 19. Rc2 Nc6 20. Nb1 Be7 21. Kh2
Qd7 22. Rg4 f5 23. exf6 Bxf6 24. Be3 Ne7 25. Rf4 Rxc2 26. Qxc2 Qd6 27. Rf3 Nf5
28. Bf4 Qe7 29. e3 Rc8 30. Qd2 Qd7 31. Rf2 Qc6 32. Qd1 Qe8 33. Bf3 Qd7 34. Rc2 1/2-1/2

[Event "41st Olympiad Women 2014"]
[Site "Tromso NOR"]
[Date "2014.08.04"]
[Round "3.18"]
[Board "2"]
[White "Vojinovic, Jovana"]
[Black "Baymuratova, Sevara"]
[Result "1-0"]
[WhiteTitle "WGM"]
[BlackTitle "WFM"]
[WhiteElo "2312"]
[BlackElo "2127"]
[WhiteTeam "Serbia"]
[BlackTeam "Uzbekistan"]
[WhiteFideId "937266"]
[BlackFideId "14202182"]
[EventDate "2014.08.02"]

1. d4 d5 2. Bf4 Nf6 3. Nc3 Bf5 4. f3 e6 5. g4 Bg6 6. h4 h5 7. g5 Nfd7 8. e3 a6
9. Bd3 Bxd3 10. cxd3 c5 11. dxc5 Bxc5 12. d4 Be7 13. Qb3 Nc6 14. Qxb7 Nb4 15.
Ke2 e5 16. Bxe5 Nxe5 17. dxe5 Bc5 18. e6 O-O 19. e7 Bxe7 20. Rd1 Bc5 21. Nxd5
Rb8 22. Qc7 Nxd5 23. Qe5 Re8 24. Qxd5 Rxe3+ 25. Kf1 Qa5 26. g6 Qb5+ 27. Kg2
Qxb2+ 28. Kh3 Qe5 29. Qxf7+ Kh8 30. Rd5 Qe6+ 31. Qxe6 Rxe6 32. Rxh5+ Kg8 33.
Rxc5 Rxg6 34. Rg5 Rxg5 35. hxg5 Rb1 36. Kg2 Rb2+ 37. Kg3 Rxa2 38. Nh3 Kf7 39.
Nf4 a5 40. Rb1 a4 41. Rb7+ Ke8 42. Rxg7 a3 43. Ra7 Ra1 44. Kg4 a2 45. Kf5 1-0

[Event "41st Olympiad Women 2014"]
[Site "Tromso NOR"]
[Date "2014.08.04"]
[Round "3.18"]
[Board "4"]
[White "Rakic, Marija"]
[Black "Sabirova, Olga"]
[Result "1-0"]
[WhiteTitle "WIM"]
[BlackTitle "WIM"]
[WhiteElo "2323"]
[BlackElo "2099"]
[WhiteTeam "Serbia"]
[BlackTeam "Uzbekistan"]
[WhiteFideId "936286"]
[BlackFideId "14200201"]
[EventDate "2014.08.02"]

1. d4 f5 2. g3 Nf6 3. Bg2 g6 4. Nf3 Bg7 5. O-O O-O 6. c4 d6 7. Nc3 c6 8. b3 Na6
9. Bb2 Qc7 10. d5 e5 11. dxe6 Bxe6 12. Ng5 Qe7 13. Nxe6 Qxe6 14. Qc2 Nc5 15.
Rfd1 Nfe4 16. Nxe4 Nxe4 17. Bxg7 Kxg7 18. Rd4 Ng5 19. Rad1 Nf7 20. b4 Rac8 21.
e3 Rfd8 22. Qb2 Kg8 23. b5 Qe7 24. h4 Re8 25. Qa3 Qc7 26. Rb1 c5 27. Rd2 b6 28.
h5 Rcd8 29. Bd5 Qe7 30. Kg2 Kg7 31. Rh1 g5 32. Qb2+ Qe5 33. a4 Qxb2 34. Rxb2 Ne5
35. Rd2 Kh6 36. a5 Ng4 37. axb6 axb6 38. Ra1 Re7 39. Ra6 Rb8 40. Bc6 Re6 41. Ra7
Ne5 42. Bd5 Rf6 43. f4 Ng4 44. Re7 Kxh5 45. Ra2 Rh8 46. Kf3 Rff8 47. Bf7+ Kh6
48. e4 1-0

[Event "41st Olympiad Women 2014"]
[Site "Tromso NOR"]
[Date "2014.08.04"]
[Round "3.19"]
[Board "1"]
[White "Havlikova, Kristyna"]
[Black "Zepeda, Lorena"]
[Result "1-0"]
[WhiteTitle "WIM"]
[BlackTitle "WIM"]
[WhiteElo "2215"]
[BlackElo "2158"]
[WhiteTeam "Czech Republic"]
[BlackTeam "El Salvador"]
[WhiteFideId "309672"]
[BlackFideId "6700233"]
[EventDate "2014.08.02"]

1. e4 c5 2. Nf3 d6 3. d4 cxd4 4. Nxd4 Nf6 5. Nc3 a6 6. Be2 e6 7. O-O Be7 8. f4
Nc6 9. Be3 O-O 10. Kh1 Qc7 11. Qe1 Nxd4 12. Bxd4 b5 13. e5 dxe5 14. Bxe5 Qb6 15.
Qh4 Bb7 16. Bd3 h6 17. Rae1 b4 18. Nd1 Nd5 19. Qg3 Bf6 20. Nf2 Bxe5 21. fxe5 Qc7
22. Ng4 Kh8 23. Qh3 Kg8 24. Rf3 f5 25. exf6 Nxf6 26. Nxf6+ Rxf6 27. Rxf6 gxf6
28. Rxe6 Qf4 29. Re1 Bd5 30. Rf1 Qg5 31. Be4 Rd8 32. Bxd5+ Rxd5 33. Qc8+ Kg7 34.
Qb7+ Kg6 35. Qxb4 Qf5 36. Qc4 Qe6 37. h3 h5 38. Qf4 Rg5 39. c4 Qc6 40. Rf3 Qb6
41. b3 Re5 42. Qg3+ Kh6 43. Qf2 Qxf2 44. Rxf2 Kg5 45. b4 a5 46. a3 axb4 47. axb4
Re1+ 48. Kh2 Rb1 49. b5 Rc1 50. Rb2 Rxc4 51. b6 Rc8 52. b7 Rb8 53. Kg3 h4+ 54.
Kf3 f5 55. Rb5 Kf6 1-0

[Event "41st Olympiad Women 2014"]
[Site "Tromso NOR"]
[Date "2014.08.04"]
[Round "3.19"]
[Board "2"]
[White "Sanchez, Ingrid"]
[Black "Sikorova, Olga"]
[Result "0-1"]
[WhiteTitle "WFM"]
[BlackTitle "WGM"]
[WhiteElo "2020"]
[BlackElo "2289"]
[WhiteTeam "El Salvador"]
[BlackTeam "Czech Republic"]
[WhiteFideId "6700217"]
[BlackFideId "307033"]
[EventDate "2014.08.02"]

1. e4 d5 2. exd5 Nf6 3. d4 Nxd5 4. Nf3 Bg4 5. Be2 e6 6. O-O Nc6 7. c3 Bd6 8. h3
Bh5 9. Ne5 Bxe2 10. Qxe2 Bxe5 11. dxe5 Qh4 12. Nd2 O-O-O 13. Nf3 Qh5 14. g4 Qxh3
15. Ng5 Nxc3 16. bxc3 Qxc3 17. Bb2 Qd2 18. Qxd2 Rxd2 19. Rab1 h6 20. Ne4 Rd5 21.
f4 Rhd8 22. Kf2 Nb4 23. a3 Nd3+ 24. Kg2 Rb5 25. Bc3 Rxb1 26. Rxb1 Nxf4+ 27. Kf1
b6 28. a4 Rd3 29. Rb4 Rf3+ 30. Kg1 Nd5 31. Rc4 Kd7 32. Bd2 a5 33. Kg2 Ra3 34.
Kf2 c5 35. Bc1 Ra2+ 36. Kf3 Nb4 37. Nc3 Rc2 38. Be3 Kc6 39. Bf2 Nd3 40. Bg3 Nb2
41. Rf4 Rxc3+ 42. Kg2 Rd3 43. Rxf7 Rd7 0-1

[Event "41st Olympiad Women 2014"]
[Site "Tromso NOR"]
[Date "2014.08.04"]
[Round "3.19"]
[Board "3"]
[White "Olsarova, Tereza"]
[Black "Avelar, Gabriela"]
[Result "1-0"]
[WhiteTitle "WIM"]
[BlackTitle "WFM"]
[WhiteElo "2271"]
[BlackElo "1903"]
[WhiteTeam "Czech Republic"]
[BlackTeam "El Salvador"]
[WhiteFideId "325449"]
[BlackFideId "6700667"]
[EventDate "2014.08.02"]

1. e4 d6 2. d4 Nf6 3. Nc3 e5 4. Nf3 Nbd7 5. Bc4 Be7 6. O-O O-O 7. a4 a6 8. a5 h6
9. Re1 exd4 10. Qxd4 Ng4 11. Nd5 Nde5 12. Nxe5 dxe5 13. Nxe7+ Qxe7 14. Qc3 Qh4
15. Qg3 Qxg3 16. hxg3 Bd7 17. Bd2 Bc6 18. Bc3 Rfe8 19. f3 Nf6 20. Red1 Nd7 21.
b4 Nf8 22. Rd2 Ng6 23. Rad1 Kf8 24. Kf2 f6 25. Ke3 Ne7 26. Bb3 Nc8 27. Bb2 Nd6
28. c4 Ke7 29. Ba3 Rad8 30. Rc1 Bd7 31. b5 Be6 32. b6 1-0